000 00524nam a2200169Ia 4500
003 GCL
008 140319s9999 xx 000 0 ara d
040 _aGCL /
_cGCL
082 0 4 _a891.7
_bم ل
100 1 _aماريا كوفسكى
245 1 0 _aلينين? /
_cماريا كوفسكى
700 1 _aكمال عبد الحليم
490 _aالهيئة العامة للاستعلامات
_v0
650 0 4 _aالادب الروسى المترجم
650 0 4 _aالشعر الروسى المترجم
942 _2ddc
_cBK
999 _c47243
_d47243